000 00785cab a2200229 4500
001 ABS67564
008 040303n2004 000 0 eng u
035 _a(Sirsi) u125316
100 _aMillwood, P.
245 _aStatistically acceptable sampling
260 _c2004
490 _aTaxation
_v152(3944) 12 February 2004, 452-454(3)
520 _aThis article examines the background to sampling for plant and machinery capital allowances claims, the current Inland Revenue approach to sampling and how sampling can be applied in practice.
590 _aABS
650 _aPLANT AND MACHINERY
650 _aCAPITAL ALLOWANCES
650 _aPROPERTY-COMMERCIAL PROPERTY
650 _aCAPITAL ALLOWANCES ACT 2001
650 _aTAX RELIEF
690 _aTAXATION
942 _n0
999 _c74224
_d74224